000 00374cam a2200145ua 4500
003 OSt
005 20260213114634.0
008 260213b |||||||| |||| 00| 0 eng d
041 _amal
082 _a039.94812
_bSAH/VI
245 _aVisvavijnanakosham, Vol 4 /
260 _aKottayam :
_bSahitya Pravarthaka Co-operative Society ,
_c1971.
300 _a2000 ; .
942 _cBK
999 _c3826
_d3826